000
00339nam a2200145Ia 4500
003
Ost
005
20260225132538.0
008
260225s9999||||xx |||||||||||||| ||und||
040
_c
fsic
041
_a
fre
082
_a
621.381
245
0
_a
La minoir et la puce :
245
0
_b
la troisième révolution industrielle /
942
_c
كتاب
999
_c
33326
_d
33326